| 000 | 00394nam a2200169Ia 4500 | ||
|---|---|---|---|
| 003 | GCL | ||
| 008 | 140319s9999 xx 000 0 eng d | ||
| 040 |
_aGCL / _cGCL |
||
| 082 | 0 | 4 |
_a821 _bB T |
| 100 | 1 | _aBODY, WENDY | |
| 245 | 1 | 0 |
_aTHROUGH A WINDOW: / _cBODY, WENDY |
| 260 |
_a[S.N] : _bLONGMAN ، _c1995 |
||
| 300 | _a56 P | ||
| 650 | 0 | 4 | _aLITERATURE |
| 650 | 0 | 4 | _aPOETRY |
| 942 |
_2ddc _cBK |
||
| 999 |
_c24396 _d24396 |
||